| 000 | 01210nas a2200301 i 4500 | ||
|---|---|---|---|
| 001 | 178787 | ||
| 003 | ES-MaACL | ||
| 005 | 20250817120125.0 | ||
| 008 | 110629c1971 sp f|yp | ||pa d | ||
| 022 | _a0210-1874 | ||
| 080 | _a81 | ||
| 245 | 0 | 0 |
_aRevista española de lingüística _b: órgano de la Sociedad Española de Lingüística. |
| 260 |
_aMadrid : _bGredos, _c1971- |
||
| 300 |
_a26 v. : _bgráf. ; _c24 cm. |
||
| 310 | _aSemestral | ||
| 362 | 1 | _aV. 1, n.1 (en.- jun. 1971)- | |
| 546 | _aResumen en inglés de los artículos. | ||
| 594 | _aDirector, Francisco R. Adrados. | ||
| 650 | 0 | 4 |
_aLingüística. Filología. _914477 |
| 655 | 7 |
_2tgfbne _9226866 _aRevistas |
|
| 700 | 1 |
_aRodríguez Adrados, Francisco, _d1922-2020 _998318 |
|
| 710 | 2 |
_aSociedad Española de Lingüística. _9147272 |
|
| 852 |
_aES-MaACL _jHEM-H-401 _z. - Donativo Ignacio Álvarez Moreno _zExpurgada marzo 2025: posterior 1958; sin encuadernar; en acceso abierto; muy incompleta; disponible en otras bibliotecas _9185648 _cHEM |
||
| 856 |
_uhttps://dialnet.unirioja.es/servlet/revista?codigo=1228 _ySumarios de la revista en Dialnet |
||
| 866 | 0 | _o1979-91. | |
| 942 | _2udc | ||
| 999 |
_c178787 _d178787 |
||